Completa il Testo! - Posso Farcela (Hercules) - Statistics

Statistiche generali
  • Questo quiz è stato fatto 57 volte
  • Il punteggio medio è 72 su 82
Statistiche sulle risposte
Testo % Corretto
a
100%
c'è
100%
ce
100%
ce
100%
ce
100%
che
100%
che
100%
che
100%
d'
100%
e
100%
è
100%
È
100%
E
100%
e
100%
E
100%
è
100%
e
100%
fare
100%
fare
100%
la
100%
la
100%
la
100%
la
100%
la
100%
non
100%
Non
100%
un
100%
Io
97%
io
97%
io
97%
io
97%
io
97%
posso
97%
farò
94%
mi
94%
mi
94%
so
94%
una
94%
una
94%
me
91%
me
91%
mia
89%
mia
89%
devo
86%
Ho
86%
Ma
86%
se
86%
terra
86%
tua
86%
volerò
86%
volerò
86%
casa
83%
dove
83%
quando
83%
questa
83%
sta
83%
aspettando
80%
come
80%
nuova
80%
sognato
80%
dicendo
77%
gente
77%
importa
77%
ora
77%
ali
74%
impossibile
74%
meta
74%
ogni
74%
ostacolo
74%
saluterà
74%
sarà
74%
supererò
74%
verità
74%
colpo
71%
passerò
71%
scoprirò
71%
volare
71%
Finalmente
69%
saprò
69%
tocca
69%
raggiungerò
63%
Dalla
57%
Nessun quiz corrispondente trovato
Distribuzione punteggi
Percentuale di utenti per punteggio
Percentile per numero di risposta
I tuoi punteggi nel tempo
Non hai fatto questo quiz